banner-ar

TISSUS COPTES / (Record no. 25636)

MARC details
000 -الفاتح
حقل البيانات ثابتة الطول 00489nam a2200193Ia 4500
008 - عناصر البيانات ثابتة الطول - معلومات عامة
حقل البيانات ثابتة الطول 140319s9999 xx 000 0 eng d
040 ## - مصدر الفهرسة
وكالة الفهرسة الأصلية GCL /
وكالة النسخ GCL
082 04 - رقم تصنيف ديوى العشرى
رقم التصنيف 746.932
رقم المادة R T
100 1# - المدخل الرئيسى - إسم شخصى
الإسم الشخصى RUTSCHOWS CAYA, MARIE-HELENE
245 10 - بيان العنوان
العنوان TISSUS COPTES /
بيان المسئوليه,etc RUTSCHOWS CAYA, MARIE-HELENE
260 ## - PUBLICATION, DISTRIBUTION, ETC. (IMPRINT)
تاريخ النشر أو التوزيع 1990
300 ## - الوصف المادى
التعداد 159 P
650 04 - المدخل الاضافى بالموضوع-مصطلح موضوعى
مصطلح موضوعي TEXTILE
650 04 - المدخل الاضافى بالموضوع-مصطلح موضوعى
مصطلح موضوعي COPTIC TEXTILE
650 04 - المدخل الاضافى بالموضوع-مصطلح موضوعى
مصطلح موضوعي TISSUE
650 04 - المدخل الاضافى بالموضوع-مصطلح موضوعى
مصطلح موضوعي COPTIC TISSUE
942 ## - عناصر المدخل الإضافي( كوها)
مصدر التصنيف او مخطط الترفيف Dewey Decimal Classification
Koha [default] item type كتاب
260 ## - PUBLICATION, DISTRIBUTION, ETC. (IMPRINT)
-- [S.N] :
-- ADAM BIRO ،
Holdings
حالة التراجع حالة الفقد حالة تلف ليس للاعارة المكان المؤقت الموقع الحالى تاريخ الاكتساب اجمالي اﻻعارات رقم الطلب الباركود تاريخ اخر مشاهدة تاريخ تفعيل السعر نوع وعاء كوها
        مكتبة القاهرة الكبرى مكتبة القاهرة الكبرى 03/26/2014   746.932\R T 45103 03/26/2014 03/26/2014 كتاب

Powered By

EGPV